000 00538nam a2200217Ia 4500
003 OSt
005 20220924133429.0
006 a|||||r|||| 00| 0
007 ta
008 220923b |||||||| |||| 00| 0 snd d
024 _a265282
037 _cTextual
040 _aARTS
_cARTS
_bsnd
041 _2snd
_asnd
082 _aO152:3NMA:1, 1593K3.1
100 _aParwani
_9206455
245 0 _aJeet me haar
260 _c1963
942 _hO152:3NMA:1, 1593K3.1
_cTEXL
_2CC
999 _c433824
_d433824